The Indus people: (Record no. 160881)

MARC details
000 -LEADER
fixed length control field 00574nam a2200193 4500
005 - DATE AND TIME OF LATEST TRANSACTION
control field 20190215113702.0
010 ## - LCCN (DPL NO)
LC control number ENG-124819
020 ## - INTERNATIONAL STANDARD BOOK NUMBER
International Standard Book Number 9789380828855
Terms of availability 995.00
035 ## - SYSTEM CONTROL NUMBER
System control number EN-108351
037 ## - SOURCE OF ACQUISITION
Source of stock number/acquisition DBAD/PUB
082 ## - DEWEY DECIMAL CLASSIFICATION NUMBER
Classification number 954
100 ## - MAIN ENTRY--PERSONAL NAME
Personal name Girja Kumar
245 ## - TITLE STATEMENT
Title The Indus people:
Remainder of title saraiki saga and sufi sant renaissance/
Statement of responsibility, etc by Girja Kumar
260 ## - PUBLICATION, DISTRIBUTION, ETC. (IMPRINT)
Place of publication, distribution, etc New Delhi
Name of publisher, distributor, etc Renu Kaul Verma
Date of publication, distribution, etc 2019
270 ## - ADDRESS
Address 2/15,Ansari Road, Daryaganj
City New Delhi
Postal code 110002
300 ## - PHYSICAL DESCRIPTION
Extent xi,463p.
Dimensions 22cm(Hb)
500 ## - GENERAL NOTE
General note includes index
942 ## - ADDED ENTRY ELEMENTS (KOHA)
Source of classification or shelving scheme Dewey Decimal Classification
Item type English Books
Classification part 954
Call number suffix GIR
Holdings
Withdrawn status Lost status Not for loan Collection code Home library Current library Date acquired Source of acquisition Cost, normal purchase price Full call number Barcode Copy number Cost, replacement price Koha item type
    Not For Loan Non-fiction D.B.Act.Division Ashok Vihar 15/02/2019 DBAD/PUB 995.00 954 GIR EN-108351 1 995.00 English Books

© Delhi Public Library
Hit Counter
free hit counter